00000000nas 2200000zi 4500
0019.944297
003CaOODSP
00520250410150522
006m     o  d f      
007cr cn ||||||||
008241021d19651966oncar p o    f0    0eng|d
040 |aCaOODSP|beng|erda|cCaOODSP
0410 |aeng|afre
043 |an-cn---
0861 |aNR1-1-PDF
1102 |aNational Research Council of Canada.|eauthor, |eissuing body.
24510|aReport / |cNational Research Council of Canada = Rapport / Conseil national de recherches du Canada.
24631|aRapport
264 1|aOttawa : |bPublic Relations Office, National Research Council of Canada, |c[1965-1966]
310 |aAnnual
336 |atext|btxt|2rdacontent
337 |acomputer|bc|2rdamedia
338 |aonline resource|bcr|2rdacarrier
3621 |aBegan with: 1964/1965; ceased with: 1965/1966.
546 |aText in English and French.
588 |aDescription based on: 1964/1965; title from PDF title page.
588 |aLatest issue consulted: 1965/1966.
61020|aNational Research Council of Canada|vPeriodicals.
650 0|aResearch|zCanada|vPeriodicals.
650 0|aResearch, Industrial|zCanada|vPeriodicals.
655 7|aPeriodicals|2lcgft
78000|tAnnual reports / |w(CaOODSP)9.944175
78500|t... annual report of the National Research Council of Canada.|w(CaOODSP)9.944369
788 |tReport / |efre|w(CaOODSP)9.944309